000 00332 a2200157 4500
001 185930
020 _a85-7217-098-7
040 _cMagnum
100 _aVon, Cristina
240 1 0 _aTenho duas casas
_lpor
245 1 0 _aTenho duas casas
300 _a29
362 0 _a2006
697 _aLITERATURA INFANTO-JUVENIL
942 _cBK
999 _c185930
_d185930